| 000 | 00720nam a2200217 a 4500 | ||
|---|---|---|---|
| 001 | 3453 | ||
| 003 | CDMR | ||
| 005 | 20131210181131.0 | ||
| 008 | 130130s1984||||||||||||||||||||||||||||d | ||
| 020 | _a8486153557 | ||
| 040 |
_aCDMR _bcat _cCDMR |
||
| 100 | 1 |
_aRobinson, Gertrude Joch _92491 |
|
| 245 | 1 | 0 |
_aSocialismo y medios de comunicación _b: [la experiencia yugoslava] _cGertrude Joch Robinson |
| 246 | _aTito's maverick media | ||
| 260 |
_aBarcelona _c1984 _bMitre |
||
| 300 | _a270 p. | ||
| 650 | 0 | 4 |
_94407 _aMitjans de comunicació de massa _zIugoslàvia |
| 650 | 0 | 4 |
_94403 _aMitjans de comunicació de massa _zPaïsos comunistes |
| 650 | 0 | 4 |
_94117 _aMitjans de comunicació de massa _vEstadístiques |
| 942 |
_cMON _2udc |
||
| 999 |
_c3453 _d3453 |
||